Zákon o zavedení meny euro s komentárom

Zákon č. 659/2007 Z.z. o zavedení meny euro v Slovenskej republike a o zmene a doplnení niektorých zákonov v znení zákona č. 70/2008 Z.z., zákona č. 270/2008 Z.z. - tzv. generálny zákon. Úplné znenie s komentárom.

Na minha lista:
Detalhes bibliográficos
Formato: Capítulo de Livro
Idioma:eslovaco
Assuntos:
Tags: Adicionar Tag
Sem tags, seja o primeiro a adicionar uma tag!

MARC

LEADER 00000naa$a2200000$$$4500
001 0086049
005 20231120082743.6
041 0 |a slo 
044 |a SK 
245 1 0 |a Zákon o zavedení meny euro s komentárom 
520 |a Zákon č. 659/2007 Z.z. o zavedení meny euro v Slovenskej republike a o zmene a doplnení niektorých zákonov v znení zákona č. 70/2008 Z.z., zákona č. 270/2008 Z.z. - tzv. generálny zákon. Úplné znenie s komentárom. 
610 2 0 |a euro 
610 2 0 |a euromena 
610 2 0 |a Slovensko 
610 2 0 |a zákony 
610 2 0 |a 2007-2008